| 000 | 00384nam a2200157Ia 4500 | ||
|---|---|---|---|
| 008 | 210210b1972 xxu||||| |||| 00| 0 eng d | ||
| 082 | _a346.07 SHUM | ||
| 100 | _aSHUKLA (M C). | ||
| 245 | _aManual of mercantile law. Ed.11 | ||
| 250 | _a | ||
| 260 |
_aDelhi _bS. Chand & Co. Ltd. _c1972 |
||
| 300 | _a906 | ||
| 650 | _aMercantile law | ||
| 690 | _aMercantile Law | ||
| 906 | _a029733 | ||
| 999 |
_c80938 _d80938 |
||